Metódy merania cenovej volatility podnikového dlhopisu B.O.F., a.s. emisie 06

Meranie cenovej volatility dlhopisu poukazuje na jednotlivé metódy jej merania, medzi ktoré zaraďujeme duráciu, ako prvú aproximáciu k cenovej funkcii dlhopisu a konvexnosť ako druhú aproximáciu k cenovej funkcii dlhopisu. Príspevok sa zameriava na duráciu a konvexnosť vybraného podnikového dlhopisu...

Ausführliche Beschreibung

Gespeichert in:
Bibliographische Detailangaben
1. Verfasser: Mikloš, Miroslav, 1975-
Format: Buchkapitel
Sprache:Slowakisch
Schlagworte:
Tags: Tag hinzufügen
Keine Tags, Fügen Sie das erste Tag hinzu!

MARC

LEADER 00000nla a2200000 4500
001 0224120
005 20240502073652.7
041 0 |a slo 
044 |a SK 
245 1 0 |a Metódy merania cenovej volatility podnikového dlhopisu B.O.F., a.s. emisie 06  |c Miroslav Mikloš 
520 |a Meranie cenovej volatility dlhopisu poukazuje na jednotlivé metódy jej merania, medzi ktoré zaraďujeme duráciu, ako prvú aproximáciu k cenovej funkcii dlhopisu a konvexnosť ako druhú aproximáciu k cenovej funkcii dlhopisu. Príspevok sa zameriava na duráciu a konvexnosť vybraného podnikového dlhopisu B.O.F. emisie 06 zo dňa 11.10.2006. 
610 2 0 |a dlhopisy 
610 2 0 |a ceny 
610 2 0 |a volatilita 
610 2 0 |a emisia 
610 2 0 |a spoločnosti akciové 
100 1 |a Mikloš, Miroslav, 1975-